000 01435nam a2200385 i 4500
001 14183
003 KOSZ 005
005 20190805114930.0
008 091013s1967 pl a f 000 0 pol
015 _aPB 1967/4153
035 _a(OCoLC)812633354
040 _aWA N
_cWA N
_dKOSZ 005/KK
041 1 _apol
_hrus
080 _a621.3
100 1 _aLevin, Gavril Mihajlovič.
_eAutor.
245 1 0 _aNawrotny jonowy napęd elektryczny /
_cG. M. Lewin, M. E. Goldiental ; tłumaczenie Jerzy Pietrachowicz.
246 1 _iTytuł oryginału:
_aReversivnyj ionnyj èlektroprivod.
260 _aWarszawa :
_bWydawnictwa Naukowo-Techniczne,
_c1967.
300 _a105, [2] stron :
_bilustracje ;
_c23 cm.
336 _2rdacontent
_aTekst
_btxt
337 _2rdamedia
_aBez urządzenia pośredniczącego
_bn
338 _2rdacarrier
_aWolumin
_bnc
380 _aKsiążki.
504 _aBibliografia na stronie [107].
521 8 _aDla pracowników inżynieryjno-technicznych.
650 4 _aJony
658 _aFizyka i astronomia
658 _aInżynieria i technika
650 4 _aNapęd elektryczny
700 1 _aGol'dental', Moisej Èmmanuilovič.
700 1 _aPietrachowicz, Jerzy.
_eTłumaczenie
710 2 _aWydawnictwa Naukowo-Techniczne
_4pbl.
856 _uhttp://koha.tu.koszalin.pl/cgi-bin/koha/opac-detail.pl?biblionumber=14183
_yKatalog online BPK
942 _2UKD
_cKS
999 _c14183
_d14183